000
00333pab a2200145 454500
008
180718b2006 xxu||||| |||| 00| 0 eng d
100
_a
Narayanan, K. R.
245
_a
Our concept of globalisation
260
_c
2006
300
_a
P.17-19.
362
_a
18 Nov
650
_a
Globalization
773
_a
Mainstream
909
_a
72205
999
_c
72205
_d
72205